000 00732nam a2200217Ia 4500
005 20230901144407.0
008 210716s1993 xx 000 0 und d
040 _cAIMIT LIBRARY
041 _aeng
082 _a005.11FP
_21
_bSHAR
100 _aSharma, Ramnath.
_9131713
245 _aFoxpro 2.0 c and multi user programming /
_cBy Ramnath Sharma and Lucien D'souza.
250 _a1st ed.
260 _aNew Delhi :
_bBPB Publications ,
_c1993.
300 _a468p. ;
_bPB
_c22 cm.
650 _aPassing parameters to library functions
_9131714
650 _aFile handling functions
_9131715
650 _aReprocess and error handlers
_9131716
700 _aD'souza, Lucien.
_9131717
942 _2ddc
_cBK
_e1st ed.
_k005.11 FP SHAR
999 _c182474
_d182474